000 00560nam a2200193Ia 4500
005 20250508154328.0
008 008 250505s9999 xx 000 0 eng d
037 _aTextual
040 _aFEDL
_beng
_cFEDL
041 _aeng
_2eng
084 _a370.19, BLO
_qFEDL
100 _aBloom Benjamin S.
245 0 _aCompensatory education for cultural deprivation
260 _aNew York, USA
_bHolt, Rinehart and Winston
_c1965
300 _a178p.
650 _aEducation-Sociology
942 _cTEXL
_h370.19, BLO
999 _c1349594
_d1349594